000 00211nam a2200085Ia 4500
008 120527s9999 xx 000 0 und d
100 _aMATSURO, K.
245 _aProtobiology: Physical basis of Biology
942 _cBK
999 _c25818
_d25818